Corpi invisibili : (cioè, che non vogliamo vedere) /

Đã lưu trong:
Chi tiết về thư mục
Tác giả khác: Meo (illustratore) (Người vẽ tranh minh họa), Sonno (Người vẽ tranh minh họa), Caruso, Antonia (Biên kịch), Mela, Chiara (Người vẽ tranh minh họa), Scheggi, Luce (Tác giả của lời kết, lời ghi cuối sách, v.v.)
Định dạng: Sách
Ngôn ngữ:Tiếng Italy
Được phát hành: [Padova] : BeccoGiallo, 2024
Những chủ đề:
Các nhãn: Thêm thẻ
Không có thẻ, Là người đầu tiên thẻ bản ghi này!

MARC

LEADER 00000nam a22000007i 4500
001 IT\ICCU\UBO\4786607
003 ItRI
005 20260306102204.0
008 240405s2024 it |||||| ||||| |||||c
020 |a 9788833143033 
040 |b ita  |c importazione bologna sebina 
041 7 |a ita  |2 ISO-639-2 
082 |a 306.4092  |2 23 
130 0 |a Corpi invisibili 
245 0 0 |a Corpi invisibili :  |b (cioè, che non vogliamo vedere) /  |c [testo di Antonia Caruso ; illustrazioni di Chiara Mela, Meo, Sonno ; postfazione di Luce Scheggi]. 
260 |a [Padova] :  |b BeccoGiallo,  |c 2024 
300 |a 153 p. ;  |c 21 cm 
650 7 |a Corpo umano  |x Sociologia 
700 0 |a Meo  |c  (illustratore)  |0 IT\ICCU\UBOV\141020  |4 ill 
700 0 |a Sonno  |0 IT\ICCU\RAVV\698166  |4 ill 
700 1 |a Caruso, Antonia  |0 IT\ICCU\RAVV\693652  |4 aus 
700 1 |a Mela, Chiara  |0 IT\ICCU\BVEV\086880  |4 ill 
700 1 |a Scheggi, Luce  |0 IT\ICCU\UBOV\141023  |4 aft 
942 |2 ddc  |c BK  |n 0 
952 |0 0  |1 0  |4 0  |6 DOC_306_409000000000000_CAR  |7 0  |9 19648  |a BO  |b BO  |d 2026-01-15  |i 21042  |l 0  |o DOC 306.409 CAR  |p BO21042  |r 2026-01-15 23:20:58  |w 2026-01-15  |x [Sebina 5] [1 v.]  |y BK  |z 1 v. 
952 |0 0  |1 0  |2 ddc  |4 0  |6 306_409200000000000_MEL_COR  |7 0  |9 33208  |a RO  |b RO  |d 2026-03-06  |l 0  |o 306.4092 MEL COR  |p 11736  |r 2026-03-06 10:20:46  |w 2026-03-06  |y BK 
999 |c 16748  |d 16748